Logo BPK

Biblioteka

Politechniki Koszalińskiej

Dzieła. (Rekord nr 11614)

Szczegóły MARC
000 -ETYKIETA REKORDU
podpole kontrolne o stałej długości 01411nam a2200385 i 4500
001 - NUMER KONTROLNY REKORDU
pole kontrolne 11614
003 - IDENTYFIKATOR NUMERU KONTROLNEGO REKORDU
podpole kontrolne KOSZ 005
005 - DATA OSTATNIEJ MODYFIKACJI REKORDU
podpole kontrolne 20231109062806.0
008 - POLE O STAŁEJ DŁUGOŚCI - DANE KONTROLNE
podpole kontrolne o stałej długości 990506s1964 pl |000 0 pol
015 ## - NUMER BIBLIOGRAFII NARODOWEJ
Numer bibliografii narodowej PB 1964/4006
035 ## - NUMER SYSTEMOWY
Numer systemowy przejętego rekordu (OCoLC)749796328
040 ## - ŹRÓDŁO KATALOGOWANIA
Instytucja, która sporządziła opis WA N
Instytucja, która utworzyła rekord WA N
Instytucja, która dokonała modyfikacji KOSZ 005/HR
041 1# - KOD JĘZYKA
Kod języka tekstu pol
Kod języka oryginału eng
-- ger
045 ## - ZAKRES CZASOWY ZAWARTOŚCI
Zakres czasowy d1851
-- d1853
046 ## - DATY KODOWANE
Pojedyncza data lub początek okresu powstania dzieła lub zbioru dzieł 1964
080 ## - UNIWERSALNA KLASYFIKACJA DZIESIĘTNA - UKD
UKD 141.82
100 1# - NAZWA OSOBOWA
Nazwa osobowa Marx, Karl
Daty związane z nazwą (1818-1883)
Określenie rodzaju współpracy Autor
245 10 - TYTUŁ/ODPOWIEDZIALNOŚĆ
Tytuł Dzieła.
Oznaczenie części/sekcji dzieła T. 8,
Tytuł części/sekcji dzieła Sierpień 1851 - marzec 1853 /
Pozostałe elementy strefy tytułu i oznaczenia odpowiedzialności [red. Maria Bilewicz et al.] ; Karol Marks, Fryderyk Engels ; tł. z ang. i niem. Salomon Filmus [et al.].
246 1# - WARIANT TYTUŁU
Treść wyrażenia wprowadzającego Tyt. oryg.:
Tytuł Marx Engels Werke.
260 ## - STREFA ADRESU WYDAWNICZEGO
Miejsce wydania Warszawa :
Nazwa wydawcy/dystrybutora Książka i Wiedza,
Data publikacji, dystrybucji/powstania dokumentu 1964.
300 ## - STREFA OPISU FIZYCZNEGO
Objętość XV, [1], 859, [1] s., 3 k. tabl. ;
Rozmiary 22 cm.
380 ## - FORMA I TYP PUBLIKACJI
Forma i typ publikacji Książki.
500 ## - UWAGI OGÓLNE
Tekst uwagi Całość obejmuje 39 t.
655 #4 - TERMIN INDEKSOWY - OKREŚLENIE RODZAJU/FORMY DOKUMENTU
Określenie rodzaju/formy dokumentu Publicystyka niemiecka
648 #4 - HASŁO PRZEDMIOTOWE - TERMIN CHRONOLOGICZNY
Termin chronologiczny 1801-1900
651 ## - HASŁO PRZEDMIOTOWE W FORMIE NAZWY GEOGRAFICZNEJ
Nazwa geograficzna Europa
650 #4 - HASŁO PRZEDMIOTOWE W FORMIE NAZWY OGÓLNEJ LUB JEDNOSTKOWEJ
Nazwa ogólna lub geograficzna Marksizm
650 #4 - HASŁO PRZEDMIOTOWE W FORMIE NAZWY OGÓLNEJ LUB JEDNOSTKOWEJ
Nazwa ogólna lub geograficzna Ruchy społeczne
700 1# - HASŁO DODATKOWE - NAZWA OSOBOWA
Nazwa osobowa Engels, Friedrich
Daty związane z nazwą (1820-1895)
Określenie związku między hasłem a opisywanym materiałem Autor
700 1# - HASŁO DODATKOWE - NAZWA OSOBOWA
Nazwa osobowa Filmus, Salomon.
Określenie związku między hasłem a opisywanym materiałem Tłumaczenie
700 1# - HASŁO DODATKOWE - NAZWA OSOBOWA
Nazwa osobowa Bilewicz, Maria.
Określenie związku między hasłem a opisywanym materiałem Redakcja
710 2# - HASŁO DODATKOWE - NAZWA CIAŁA ZBIOROWEGO
Nazwa ciała zbiorowego lub jednostki geograficznej Spółdzielnia Wydawniczo-Handlowa "Książka i Wiedza"
Kod określenia powiązania pbl.
856 ## - LOKALIZACJA I DOSTĘP DO ELEKTRONICZNYCH DOKUMENTÓW ZDALNYCH
Link (URL) http://koha.tu.koszalin.pl/cgi-bin/koha/opac-detail.pl?biblionumber=11614
Tekst linku Katalog online BPK
942 ## - DODATKOWE ELEMENTY (KOHA)
Schemat klasyfikacji Uniwersalna Klasyfikacja Dziesiętna
Typ dokumentu Książka
Egzemplarze
Wycofany Status egzemplarza Uszkodzony Dostępność Lokalizacja stała Lokalizacja bieżąca Miejsce przechowywania Sygnatura Kod kreskowy Typ dokumentu
      Dostępny Biblioteka Politechniki Koszalińskiej Biblioteka Politechniki Koszalińskiej Wypożyczalnia BG 3778 02197685 Książka
© 2023 Biblioteka Politechniki Koszalińskiej :: KOHA